00320cam a22000974i 4500020002700000245008700027250001100114260003800125300003500163500002400198 a9789868260610 (平裝)00a露露胖公主變身記 :b從70kg大肥女到當紅性感瑜珈天后 /cLulu著 a初版 a臺北市 :b趨勢文化,c2007. a137 面 :b彩圖 ;c21 公分 aLulu本名黃露慧